| LEADER |
00920nam0a2200217 450 |
| 001 |
16827968 |
| 010 |
|
|
|a 978-2-7011-5344-5
|b Cart.
|d 6,9
|
| 100 |
|
|
|a 20100612d2010 u u0frey01 ba
|
| 101 |
0 |
|
|a fre
|
| 102 |
|
|
|a FR
|
| 200 |
0 |
|
|a climats de la Terre (Les)
|f François Michel
|g illustrations Elise Mansot
|
| 207 |
|
1 |
|a
|
| 210 |
|
|
|a Paris
|c Belin jeunesse
|d 2010
|
| 215 |
|
|
|a 1 vol. (10 p.)
|c illustrations en couleur
|d 24 cm
|
| 225 |
1 |
|
|a Les roues du savoir
|
| 330 |
|
|
|a Sur cinq doubles pages, une présentation animée des différents climats ainsi que des environnements et des styles de vie associés, avec des roues à tourner : le Grand Nord, la montagne, la Méditerranée...
|
| 700 |
|
0 |
|a Michel
|b François
|4 70
|
| 701 |
|
0 |
|a Mansot
|b Elise
|4 70
|
| 900 |
|
|
|a Documentaire jeunesse
|
| 901 |
|
|
|a Accessible au prêt
|
| 995 |
|
|
|a BD 13
|b 156
|c Bibliothèque
|f 00156008023418
|h 00156008023418
|k E 551.5 MIC
|o p
|q j
|r az
|e BD 13
|